Normal view
MARC view
- الاسس الابستمولوجية -الطب العربي-تاريخ
Entry Topical Term
001 - CONTROL NUMBER
- control field: 36106
003 - CONTROL NUMBER IDENTIFIER
- control field: JO-AjAnu
005 - DATE AND TIME OF LATEST TRANSACTION
- control field: 20230606080031.0
008 - FIXED-LENGTH DATA ELEMENTS
- fixed length control field: 230606|| aca||aabn | a|a d
040 ## - CATALOGING SOURCE
- Original cataloging agency: JO-AjAnu
- Transcribing agency: JO-AjAnu
150 ## - HEADING--TOPICAL TERM
- Topical term or geographic name entry element: الاسس الابستمولوجية -الطب العربي-تاريخ
670 ## - SOURCE DATA FOUND
- Source citation: Work cat.: (JO-AjAnu)18538: حربي، خالد, author 36105, الاسس الايستمولوجية لتاريخ الطب العربي